000 00865nam a2200265 i 4500
003 DO-SdBNP
005 20250113132618.0
007 ta
008 250113b2014 dr ||||| |||| 00| 0 spa d
020 _a9789945492446
040 _aDO-SdBNP
_bspa
_cBNPHU
_erda
082 4 _axxx
_bF363a
_222
100 _aFernández Pequeño, José M.,
_eautor
_4aut.
_91143
245 1 3 _aEl arma secreta /
_cJosé M. Fernández Pequeño
264 4 _aSanto Domingo :
_bEditora Nacional,
_c2014.
300 _a147 páginas ;
_c23 cm.
336 _atexto
_btxt
_2rdacontent
337 _asin mediación
_bn
_2rdamedia
338 _avolumen
_bnc
_2rdacarrier
500 _aIncluye datos biográficos del autor en la solapa de la cubierta
586 _aPremio Nacional de Cuento José Ramón López 2013.
590 _aInventariado, 2025/BT
910 _aBtavárez
942 _2ddc
_cLBS1
999 _c58036
_d58036